Office Procedures, (Record no. 5585)

MARC details
005 - DATE AND TIME OF LATEST TRANSACTION
control field 20250627095548.0
020 ## - INTERNATIONAL STANDARD BOOK NUMBER
International Standard Book Number 0-07-082220-4
082 ## - DEWEY DECIMAL CLASSIFICATION NUMBER
Classification number 651.3 SPA.
100 ## - MAIN ENTRY--PERSONAL NAME
Author name SPARLING, A.
245 ## - TITLE STATEMENT
Title Office Procedures,
250 ## - EDITION STATEMENT
Edition statement 4th Ed.
260 ## - PUBLICATION, DISTRIBUTION, ETC.
Place of publication, distribution, etc. Ottawa,
Name of publisher, distributor, etc. McGraw-Hill Ryerson Limited,
Date of publication, distribution, etc. 1975.
300 ## - PHYSICAL DESCRIPTION
Extent xv.; 437.; Ill.; picture,
Other physical details Index,
Dimensions 24cm.
700 ## - ADDED ENTRY--PERSONAL NAME
Other authors/Editors ATTRIDGE, M. C.
942 ## - ADDED ENTRY ELEMENTS (KOHA)
Source of classification or shelving scheme Dewey Decimal Classification
Koha item type Books
Holdings
Date last seen Total checkouts Full call number Barcode Cost, replacement price Price effective from Koha item type Lost status Source of classification or shelving scheme Damaged status Not for loan Withdrawn status Home library Current library Shelving location Date acquired Source of acquisition
06/27/2025   651.3SPA DOM0002529 30000.00 06/27/2025 Books   Dewey Decimal Classification       CBE Dodoma CBE Dodoma General Collection 12/13/1988 10000
06/27/2025   651.3SPA DOM0002528 30000.00 06/27/2025 Books   Dewey Decimal Classification       CBE Dodoma CBE Dodoma General Collection 12/13/1988 10000